000 00731nam a2200193 4500
001 127949
003 ES-MaACL
005 20230906193127.0
007 t|
008 070214s1958 sp r ||||1| spa d
100 1 _aRios, José María.
_9201465
245 1 0 _aPosibilidades petrolíferas del subsuelo español en su relación con el origen del petróleo y sus condiciones de yacimiento /
_cpor José María Ríos.
260 _aMadrid :
_bAlhambra,
_c1958.
300 _a49 p., 4 lám. ;
_c21 cm.
500 _aEs separata de Notas y Comunicaciones del Instituto Geológico y Minero de España.
710 2 _aInstituto Geológico y Minero de España.
_95077
852 _aES-MaACL
_j2008-F-10
_bR.42687
999 _c127949
_d127949